<The> American Economist journal of the International Honor Society in Economics

Guardado en:
Detalles Bibliográficos
Formato: Seriadas
Lenguaje:inglés
Publicado: Tuscaloosa Omicron Delta Epsilon
Materias:
Etiquetas: Agregar Etiqueta
Sin Etiquetas, Sea el primero en etiquetar este registro!

MARC

LEADER 00000nas1a22000001 4500
001 s120316
005 20250716125951.6
022 |a 0569-4345 
022 |a 2328-1235 
041 0 |a eng 
044 |a US 
245 1 0 |a <The> American Economist  |b journal of the International Honor Society in Economics 
264 1 |a Tuscaloosa  |b Omicron Delta Epsilon 
610 2 0 |a ekonómia 
610 2 0 |a politika hospodárska 
610 2 0 |a analýza ekonometrická 
610 2 0 |a teórie ekonomické